Nghiên cứu áp dụng các định luật bảo toàn vào việc giải nhanh các bài toán về kim loại sắt

Khái niệm, tầm quan trọng và tác dụng của bài tập Hóa học. Áp dụng các định luật bảo toàn vào việc giải nhanh bài toán về kim loại sắt. Những định luật bảo toàn có thể áp dụng để giải nhanh bài toán Hóa học. Một số dạng toán thường gặp về kim loại sắt có thể áp dụng các định luật bảo tàn để giải nha...

Mô tả đầy đủ

Đã lưu trong:
Chi tiết về thư mục
Tác giả chính: Huỳnh. Thị Thu Vỹ (Tác giả)
Tác giả khác: Nguyễn thị Lan Anh ThS. (Người hướng dẫn)
Định dạng: Sách
Ngôn ngữ:Vietnamese
Được phát hành: Đà Nẵng ĐH Sư Phạm 2009
Loạt:Khóa luận tốt nghiệp. Chuyên ngành: Củ nhân Hóa
Những chủ đề:
Các nhãn: Thêm thẻ
Không có thẻ, Là người đầu tiên thẻ bản ghi này!
Thư viện lưu trữ: Mạng thư viện Đại học Đà Nẵng
LEADER 01788nam a2200373 4500
001 000012073
003 8359
005 20120216140200.0
008 120215s2009 viesd
041 |a vie 
072 |a Khóa luận tốt nghiệp 
082 |a 546.621076  |b HU-V 
100 |a Huỳnh. Thị Thu Vỹ  |e Tác giả 
245 |a Nghiên cứu áp dụng các định luật bảo toàn vào việc giải nhanh các bài toán về kim loại sắt  |c Huỳnh. Thị Thu Vỹ 
260 |a Đà Nẵng  |b ĐH Sư Phạm  |c 2009 
300 |a 82 tr  |c 29 cm 
490 |a Khóa luận tốt nghiệp. Chuyên ngành: Củ nhân Hóa 
500 |a Khoa Hóa 
520 |a Khái niệm, tầm quan trọng và tác dụng của bài tập Hóa học. Áp dụng các định luật bảo toàn vào việc giải nhanh bài toán về kim loại sắt. Những định luật bảo toàn có thể áp dụng để giải nhanh bài toán Hóa học. Một số dạng toán thường gặp về kim loại sắt có thể áp dụng các định luật bảo tàn để giải nhanh... 
653 |a Áp dụng 
653 |a Định luật bảo toàn 
653 |a Giải nhanh 
653 |a Bài toán kim loại sắt 
700 |a Nguyễn thị Lan Anh  |c ThS.  |e Người hướng dẫn 
OWN |a LSP 
AVA |a UDN50  |b LSP  |d 546.621076 HU-V  |e available  |t Error 5001 Not defined in file expand_doc_bib_avail.  |f 1  |g 0  |h N  |i 0  |k 1 
999 |a From the UDN01 
AVA |a UDN50  |b LSP  |d 546.621076 HU-V  |e available  |t Error 5001 Not defined in file expand_doc_bib_avail.  |f 1  |g 0  |h N  |i 0  |k 1 
TYP |a Monograph 
TYP |a Printed language 
980 |a Mạng thư viện Đại học Đà Nẵng